|
|
|
|
| LEADER |
00961nam a2200241 a 4500 |
| 001 |
15926304 |
| 008 |
101024s2010 ne a b 001 0 eng d |
| 010 |
|
|
|a 2009040399
|
| 020 |
|
|
|a 9780123756862 (hardcover : alk. paper)
|
| 020 |
|
|
|a 0123756863 (hardcover : alk. paper)
|
| 040 |
|
|
|a DLC
|c DLC
|d C#P
|d YDXCP
|d CDX
|d BWX
|d DLC
|d BD-DhAAL
|
| 082 |
0 |
0 |
|a 519.2
|2 22
|
| 100 |
1 |
|
|a Ross, Sheldon M.
|
| 245 |
1 |
0 |
|a Introduction to probability models /
|c Sheldon M. Ross.
|
| 250 |
|
|
|a 10th ed.
|
| 260 |
|
|
|a Amsterdam ;
|a Boston :
|b Academic Press,
|c c2010.
|
| 300 |
|
|
|a xv, 784 p. :
|b ill. ;
|c 24 cm.
|
| 504 |
|
|
|a Includes bibliographical references and index.
|
| 541 |
1 |
|
|e 00021392
|
| 650 |
|
0 |
|a Probabilities.
|
| 852 |
4 |
|
|a Ayesha Abed Library
|j General Shelf.
|
| 999 |
|
|
|c 9866
|d 9866
|
| 952 |
|
|
|0 0
|1 0
|2 ddc
|4 0
|6 519_200000000000000_ROS_2010
|7 0
|9 12686
|a BRACUL
|b BRACUL
|c GEN
|d 2010-10-24
|e TRIM EDUCATION
|g 5275.00
|l 14
|m 73
|o 519.2 ROS
|p 3010021392
|r 2025-12-04
|s 2025-07-14
|t 1
|w 2010-10-24
|y BK
|